El factor humano en la empresa

Salvato in:
Dettagli Bibliografici
Autore principale: Rodríguez Porras, José María (Autore)
Natura: Libro
Lingua:spagnolo
Pubblicazione: Bilbao Deusto 1990
Soggetti:
Tags: Aggiungi Tag
Nessun Tag, puoi essere il primo ad aggiungerne!!

MARC

LEADER 00000nam a2200000 a 4500
001 UCP9604
003 CL-VaPUC
008 000331e19900000SP |||||||||||||||||spa|d
082 0 4 |a 658.3  |b ROD  |2 21 
100 0 |a Rodríguez Porras, José María  |e author  |9 440246 
245 1 3 |a El factor humano en la empresa 
300 |a 207 p 
942 |c BK 
945 |d 20000331 00:00:00  |a rbrito 
260 |a Bilbao  |b Deusto  |c 1990 
650 0 |a Recursos humanos   |9 228420 
650 0 |a Administración de empresas   |9 260833 
650 0 |a Liderazgo  |9 271835 
650 0 |a Comunicación organizacional   |9 312644 
650 0 |a Psicología industrial  |9 271739 
583 |a last modification  |c 20000331 00:00:00  |k Rodrigo Vera 
999 |c 286396  |d 286394 
952 |0 0  |1 0  |4 0  |6 658_300000000000000_ROD_1990  |7 0  |8 A  |9 332207  |a BIBGIM  |b BIBGIM  |d 2019-11-20  |i 3598535  |l 1  |o 658.3 ROD 1990  |p 3598535  |r 2025-01-15  |s 2023-06-05  |w 2019-11-20  |y BK  |k SSL